000 00978nam0a22002771 4500
001 rc\2123889
005 20250623002256.0
035 _a(NLR Aleph) 006489420
090 _a6116734
_c6116734
100 _a20110829d1978 |||y0rusy50 ca
101 0 _arus
102 _aRU
105 _ay z |||||
200 1 _aОбзор конъюнктуры торговли шерстяными тканями в 1977 г.
_fЦентросоюз. Центр. н.-и. лаб. по изуч. спроса ЦНИЛС
210 _aМосква
_cБ. и.
_d1978
215 _a[1], 26 с.
_d20
300 _aВ конце текста сост.: Базовкина З.А., Кошкина В.П., Волкова Е.А.
333 _aДСП. Экз. № 7
700 1 _aБазовкина
_bЗ.А.
701 1 _aКошкина
_bВ.П.
701 1 _aВолкова
_bЕ.А.
801 0 _aRU
_bNLR
_gpsbo
801 1 _aRU
_bELAR
_2rusmarc
852 _aNLR
_j78-50К/2090
942 _cBOOK
980 _aNB